Normal view
MARC view
- Tian , Jeff
Entry Personal Name
001 - CONTROL NUMBER
- control field: 59184
003 - CONTROL NUMBER IDENTIFIER
- control field: NUST
005 - DATE AND TIME OF LATEST TRANSACTION
- control field: 20210628202307.0
008 - FIXED-LENGTH DATA ELEMENTS
- fixed length control field: 210628|| aca||aabn | a|a d
040 ## - CATALOGING SOURCE
- Original cataloging agency: NUST
- Transcribing agency: NUST
100 ## - HEADING--PERSONAL NAME
- Personal name: Tian , Jeff
670 ## - SOURCE DATA FOUND
- Source citation: Work cat.: (NUST): Tian , Jeff, Software quality engineering ,testing quality assurance and quantifiable improvement, 2005
